000 00486nam a2200181Ia 4500
001 16624
005 20260306170323.0
008 260306t1988||||xx |||||||||||||| ||und||
041 _aESP
082 _a348.8
_bS21
100 _aSanguineti Raymond, Wilfredo
_eAUT
245 0 _aContrato de locación de servicios frente al derecho civil y al derecho del trabajo
260 _c1988
300 _a451 páginas :
_ccm.
650 _aGEN
654 _aCDE
942 _cLIB
_dJUS
_fJUS
_2ddc
_n
999 _c16624
_d16624